Library Logo

الوسیط فی الادب العربی وتاریخه / (Record no. 212798)

000 -LEADER
fixed length control field 00599nam a22001817a 4500
003 - CONTROL NUMBER IDENTIFIER
control field BD-DhUL
005 - DATE AND TIME OF LATEST TRANSACTION
control field 20170730150212.0
008 - FIXED-LENGTH DATA ELEMENTS--GENERAL INFORMATION
fixed length control field 170730s1928 ua ||||| |||| 000 0 ara d
040 ## - CATALOGING SOURCE
Original cataloging agency BD-DhUL
Transcribing agency BD-DhUL
082 ## - DEWEY DECIMAL CLASSIFICATION NUMBER
Classification number 892.709
Item number AHW
100 3# - MAIN ENTRY--PERSONAL NAME
Personal name احمدالاسکندری۔
245 0# - TITLE STATEMENT
Title الوسیط فی الادب العربی وتاریخه /
Statement of responsibility, etc. احمدالاسکندری۔
246 ## - VARYING FORM OF TITLE
Title proper/short title Al-Wasīt fī al-adab al-Arabī wa Tārihuhu.
260 ## - PUBLICATION, DISTRIBUTION, ETC. (IMPRINT)
Place of publication, distribution, etc. مصر :
Name of publisher, distributor, etc. نجیب متري،
Date of publication, distribution, etc. ۱۹۲۸۔
300 ## - PHYSICAL DESCRIPTION
Extent ص۔ ۳۵۹ ؛
Dimensions ۲۳ سم۔
650 #0 - SUBJECT ADDED ENTRY--TOPICAL TERM
Topical term or geographic name as entry element Arabic literature.
942 ## - ADDED ENTRY ELEMENTS (KOHA)
Source of classification or shelving scheme
Koha item type Books
Holdings
Price effective from Date last seen Permanent Location Not for loan Date acquired Source of classification or shelving scheme Koha item type Lost status Withdrawn status Copy number Source of acquisition Collection code Damaged status Shelving location Barcode Current Location Full call number
2017-07-302017-07-30Dhaka University Library 1931-07-04 Books  1PurchasedNon Fiction General Stacks30647Dhaka University Library892.709 AHW
Last Updated on September 15, 2019
© Dhaka University Library. All Rights Reserved|Staff Login